| 000 | 00900nas a2200289 4500 | ||
|---|---|---|---|
| 001 | BR2013006382 | ||
| 003 | BR-BrBNA | ||
| 005 | 20231205122757.0 | ||
| 007 | ta | ||
| 008 | 230509b bl.|||p| |||| 00| 00por d | ||
| 040 |
_aBR-BrBNA _bpor _cBiblioteca Nacional de Agricultura |
||
| 041 | _a(Pt) | ||
| 072 | _aH50 | ||
| 100 | 1 | _aDonadon, J.R. | |
| 100 | 1 | _aResende, O. | |
| 100 | 1 | _aCastro, C.F. de S. | |
| 100 | 1 | _aMendes, U.C. | |
| 100 | 1 | _aGonçalves, D.N. | |
| 245 | 1 | _aComparação entre o tolueno e o hexano na determinação da porosidade intergranular de diferentes produtos agrícolas | |
| 650 | _aTOXICOLOGIA | ||
| 650 | _aSECAGEM | ||
| 650 | _aARMAZENAMENTO | ||
| 650 | _aPOROSIDADE | ||
| 773 | 0 |
_tRevista Brasileira de Armazenamento (Brazil) _xISSN 0100-3518 _g(2012), v. 37(1-2) p. 36-40 _wBR2013006382 |
|
| 909 |
_a202311 _bLúcia _c55 _dLúcia Elande |
||
| 942 |
_2AGRIS _n0 _cANA |
||
| 999 |
_c230497 _d230497 |
||